000 00893nam a2200217Ia 4500
003 OSt
005 20200824155358.0
008 191128s1978 ck gr 000 0 spa d
020 _a848272052X
040 _aCO-JMCR
_cCO-JMCR
041 0 _aspa
082 0 4 _a347.9 /
_bR177a
_223
100 1 _aRamírez Arcila, Carlos,
_eautor
_99132
245 1 0 _aAcción y acumulación de pretensiones /
_cCarlos Ramírez Arcila
260 _aBogotá :
_bTemis,
_c1978
300 _a216 páginas ;
_c23 cm.
505 0 _aAntecedentes de la acción en el derecho romano -- La acción en las diferentes épocas del derecho romano -- Divergencias sobre el concepto de acción -- Polémica sobre la acción entre Windsheid y Muther -- Pretensión de tutela del derecho. Teoría de Adolfo
650 1 4 _aProcedimiento civil
_zColombia
_99133
650 1 4 _aAcciones y defensas
_zColombia
_99134
942 _2ddc
_cBK
999 _c4254
_d4254